00315pab a2200121 454500008004000000100001800040245007300058260000900131300001000140362000900150650002200159773001200181180718b1985 xxu||||| |||| 00| 0 eng d aDeman, Suresh aRegion - regionalization and regional planningbReview of techniques c1985 a49-73 aDec. aRegional Planning aAnvesak